Movies Quiz

Random Movies or Year Quiz

Godzilla Movies Quiz Stats

 Plays Quiz Updated Apr 1, 2021

     
Support Sporcle.
Go Orange.
Score 0/36 Timer 07:00
5 Plays Today
Year Movie % Correct
2014Godzilla (2014)
99.3%
1954Godzilla
98.8%
1998Godzilla (1998)
98.7%
2019Godzilla: King of the Monsters
75.4%
1964Mothra vs. Godzilla
64.8%
1974Godzilla vs. Mechagodzilla
61.8%
2016Godzilla: Resurgence
60.2%
1962King Kong vs. Godzilla
59.7%
1999Godzilla 2000
52.7%
1967Son of Godzilla
46.5%
1972Godzilla vs. Gigan
43.8%
1968Destroy All Monsters
43.4%
1971Godzilla vs. Hedorah
43.1%
1984The Return of Godzilla/Godzilla 1985
42.7%
1955Godzilla Raids Again
42.7%
2004Godzilla: Final Wars
42.7%
1994Godzilla vs. Space Godzilla
42.2%
1973Godzilla vs. Megalon
40.2%
Year Movie % Correct
1991Godzilla vs. King Ghidorah
39.8%
1995Godzilla vs. Destoroyah
39.7%
1966Godzilla vs. the Sea Monster
38.2%
1969All Monsters Attack
38%
1989Godzilla vs. Biollante
37.9%
1975Terror of Mechagodzilla
36.9%
1993Godzilla vs. Mechagodzilla II
36.9%
1965Invasion of Astro Monster
36.7%
2018Godzilla: The Planet Eater
36.4%
2017Godzilla: Planet of the Monsters
35.1%
2003Godzilla: Tokyo S.O.S.
34.4%
2021Godzilla vs. Kong
33.5%
1964Ghidorah, The Three Headed Monster
33.5%
2001Godzilla, Mothra and King Ghidorah: Giant Monsters All-Out Attack
32%
2018Godzilla: City on the Edge of Battle
31%
2000Godzilla vs. Megaguirus
28.2%
2002Godzilla Against Mechagodzilla
27.8%
1992Godzilla vs. Mothra: The Battle for Earth
22.5%

From the Vault

Super Bowl Host Cities

by NaveedIC

Sports 7m
If it's a warm place or a dome, then it's probably a safe bet there's been a least one Super Bowl there.
Remove Ads.
Support Sporcle.
Get the best of Sporcle when you Go Orange. This ad-free experience offers more features, more stats, and more fun while also helping to support Sporcle. Thank you for becoming a member.

Show Comments

Extras

Top Quizzes Today


Score Distribution

Your Account Isn't Verified!

In order to create a playlist on Sporcle, you need to verify the email address you used during registration. Go to your Sporcle Settings to finish the process.

Report this User

Report this user for behavior that violates our Community Guidelines.

Details: